000 00542nam a2200169 a 4500
001 22104
005 20180713215945.0
008 140415s1997 000 0 spa d
020 _a9683659772
041 _aspa
082 _a731.76
_bTER
245 0 0 _a[TERCER] 3er COLOQUIO DEL SEMINARIO DE ESTUDIO DEL :
_bPATRIMONIO ARTISTICO, CONSERVACION, RESTAURACION Y DE...
260 _a[s.l.] :
_bUNAM,
_c1997
300 _a147
490 _aESTUDIOS DE ARTE Y ESTETICA
_v44
650 1 4 _aCONSERVACION Y RESTAURACION DE MONUMENTOS
999 _c22104
_d22104